[Event "SVK-chT 2324"]
[Site "Slovakia"]
[Date "2024.02.24"]
[Round "7.4"]
[White "Hujbert, Florian"]
[Black "Hrabusa, Matej"]
[Result "1/2-1/2"]
[WhiteElo "2408"]
[BlackElo "2349"]
[PlyCount "57"]
[EventDate "2023.11.04"]
[EventType "team-tourn"]
[EventRounds "11"]
[EventCountry "SVK"]
[SourceTitle "CB19_2024"]
[SourceDate "2024.05.08"]
[SourceVersion "1"]
[SourceVersionDate "2024.05.08"]
[SourceQuality "1"]
[WhiteTeam "Cebovce"]
[BlackTeam "Liptov Chess School"]
[WhiteTeamCountry "SVK"]
[BlackTeamCountry "SVK"]

1. e4 c5 2. Nf3 d6 3. d4 cxd4 4. Nxd4 Nf6 5. Bb5+ Bd7 6. c4 g6 7. Nc3 Bg7 8. Be3 Nc6 9. h3 0-0 10. 0-0 Rc8 11. Rc1 Nxd4 12. Bxd4 a6 13. Bxd7 Qxd7 14. b3 b5 15. Bxf6 Bxf6 16. Nd5 Qe6 17. Qd3 Bb2 18. Rb1 bxc4 19. bxc4 Rb8 20. f4 Rb7 21. Kh1 Rfb8 22. Qf3 Kh8 23. Rbe1 Bg7 24. e5 Qc8 25. exd6 exd6 26. Qd3 Qc5 27. Re4 Rb2 28. Rfe1 h6 29. R4e2 1/2-1/2

[Event "SVK-chT 2324"]
[Site "Slovakia"]
[Date "2023.12.10"]
[Round "4.3"]
[White "Stocek, Jiri"]
[Black "Hrabusa, Matej"]
[Result "1-0"]
[WhiteElo "2528"]
[BlackElo "2349"]
[PlyCount "101"]
[EventDate "2023.11.04"]
[EventType "team-tourn"]
[EventRounds "11"]
[EventCountry "SVK"]
[SourceTitle "CB04_2024"]
[SourceDate "2023.10.16"]
[SourceVersion "1"]
[SourceVersionDate "2023.10.16"]
[SourceQuality "1"]
[WhiteTeam "Modra"]
[BlackTeam "Liptov Chess School"]
[WhiteTeamCountry "SVK"]
[BlackTeamCountry "SVK"]

1. c4 c6 2. d4 d5 3. Nf3 Nf6 4. Nc3 e6 5. Bg5 dxc4 6. e4 b5 7. a4 Qb6 8. Be2 b4 9. a5 Qb7 10. Na4 Nxe4 11. Bh4 Be7 12. Bxe7 Qxe7 13. Bxc4 Nd6 14. Bd3 Ba6 15. Ne5 Bxd3 16. Qxd3 0-0 17. 0-0 Rd8 18. Rfd1 f6 19. Nf3 Nd7 20. Rac1 Rac8 21. Re1 Re8 22. h3 Nf7 23. Qb3 Nd8 24. a6 Rb8 25. Nd2 Nb6 26. Nc5 Nd5 27. Nc4 Rb5 28. Ne3 Qf7 29. Ne4 Qf8 30. Rc5 Nxe3 31. Rxe3 Rb6 32. Qc4 Kh8 33. h4 Qe7 34. g3 Nf7 35. Rxc6 Rxc6 36. Qxc6 Rd8 37. Nc5 e5 38. Qb7 Qe8 39. Qxa7 Rxd4 40. Rd3 Nd6 41. Rxd4 exd4 42. Qb6 Nc4 43. Qxb4 Ne5 44. a7 Nc6 45. Qb7 Nxa7 46. Qxa7 h6 47. Qa4 Qe1+ 48. Kg2 Qe5 49. Qa8+ Kh7 50. Qe4+ Qxe4+ 51. Nxe4 1-0

[Event "SVK-chT 2324"]
[Site "Slovakia"]
[Date "2023.11.05"]
[Round "2.3"]
[White "Hrabusa, Matej"]
[Black "Stalmach, Richard"]
[Result "0-1"]
[WhiteElo "2349"]
[BlackElo "2420"]
[PlyCount "128"]
[EventDate "2023.11.04"]
[EventType "team-tourn"]
[EventRounds "11"]
[EventCountry "SVK"]
[SourceTitle "Mega2024 Update 01"]
[Source "Chessbase"]
[SourceDate "2023.11.12"]
[SourceVersion "1"]
[SourceVersionDate "2023.11.12"]
[SourceQuality "1"]
[WhiteTeam "Liptov Chess School"]
[BlackTeam "Cadca Caissa"]
[WhiteTeamCountry "SVK"]
[BlackTeamCountry "SVK"]

1. d4 Nf6 2. c4 e6 3. Nf3 d5 4. g3 Bb4+ 5. Bd2 Be7 6. Bg2 0-0 7. 0-0 c6 8. Bc3 Ne4 9. a4 a5 10. Nbd2 f5 11. Nxe4 fxe4 12. Nd2 b6 13. e3 Nd7 14. f3 exf3 15. Bxf3 Ba6 16. b3 Bg5 17. Qe2 e5 18. Rae1 e4 19. Bg2 Qe7 20. Qg4 Bc8 21. Rxf8+ Nxf8 22. Qe2 Qe6 23. Qh5 h6 24. Bb2 Nh7 25. Ba3 Nf6 26. Qe2 h5 27. h3 Ra7 28. Rc1 Ba6 29. Nf1 Ra8 30. Rc3 Ra7 31. Qc2 Rf7 32. Bc1 h4 33. g4 Nxg4 34. hxg4 Qxg4 35. Nh2 Qf5 36. Qe2 h3 37. Bf1 Bh4 38. Ng4 Qg5 39. Bxh3 Rf2 40. Qxf2 Bxf2+ 41. Kxf2 Qh4+ 42. Kg2 Bc8 43. Nh6+ gxh6 44. Bxc8 Qe1 45. Rc2 Qd1 46. Rc3 Qe2+ 47. Kh3 Qe1 48. Rc2 Qh1+ 49. Kg3 Qd1 50. Rg2 Qxc1 51. Kf4+ Kf8 52. Ke5 Qh1 53. Rg4 Ke7 54. Rg7+ Kf8 55. Rg4 Qh2+ 56. Kf6 h5 57. Rg5 Qf2+ 58. Ke5 Qxe3 59. Rxh5 Qg3+ 60. Kf6 Qg7+ 61. Kf5 Qxd4 62. Be6 e3 63. cxd5 cxd5 64. Rh2 Qe4+ 0-1

[Event "Prague Golden Blitz op"]
[Site "Prague"]
[Date "2023.06.18"]
[Round "6"]
[White "Cervenka, Petr"]
[Black "Hrabusa, Matej"]
[Result "0-1"]
[WhiteElo "1781"]
[BlackElo "2250"]
[PlyCount "76"]
[EventDate "2023.06.18"]
[EventType "swiss (blitz)"]
[EventRounds "11"]
[EventCountry "CZE"]
[SourceTitle "CBM 215 Extra"]
[Source "ChessBase"]
[SourceDate "2023.09.30"]
[SourceVersion "1"]
[SourceVersionDate "2023.09.30"]
[SourceQuality "1"]

1. e4 g6 2. d4 Bg7 3. Nc3 d6 4. Bc4 e6 5. Nf3 a6 6. 0-0 b5 7. Bb3 Bb7 8. Bg5 Ne7 9. d5 e5 10. Qd2 h6 11. Bh4 g5 12. Bg3 Nd7 13. a4 b4 14. Ne2 a5 15. c3 Nc5 16. Bc2 b3 17. Bd3 Nxd3 18. Qxd3 Ba6 19. Qd2 Nc8 20. Rfe1 Nb6 21. Nc1 Nc4 22. Qd1 Nxb2 23. Qxb3 Rb8 24. Qc2 0-0 25. Rb1 Nc4 26. Ne2 Qd7 27. Nd2 Na3 28. Qc1 Nxb1 29. Nxb1 Qxa4 30. f3 Qa1 31. c4 Bxc4 32. Qxc4 Rxb1 33. Rxb1 Qxb1+ 34. Nc1 a4 35. Bf2 a3 36. Be3 Ra8 37. Kf2 a2 38. Nb3 Rb8 0-1

[Event "Prague Golden Blitz op"]
[Site "Prague"]
[Date "2023.06.18"]
[Round "4"]
[White "Plat, Vojtech"]
[Black "Hrabusa, Matej"]
[Result "1-0"]
[WhiteElo "2542"]
[BlackElo "2250"]
[PlyCount "55"]
[EventDate "2023.06.18"]
[EventType "swiss (blitz)"]
[EventRounds "11"]
[EventCountry "CZE"]
[SourceTitle "CBM 215 Extra"]
[Source "ChessBase"]
[SourceDate "2023.09.30"]
[SourceVersion "1"]
[SourceVersionDate "2023.09.30"]
[SourceQuality "1"]

1. e4 c5 2. Nf3 d6 3. c3 Nf6 4. Bc4 e6 5. Qe2 Be7 6. Bb3 0-0 7. d4 Nc6 8. 0-0 Qc7 9. Bg5 h6 10. Bh4 Nh5 11. Bxe7 Qxe7 12. dxc5 dxc5 13. e5 Nf4 14. Qe4 Ng6 15. Nbd2 Na5 16. Bc2 Rd8 17. Qe3 Nf8 18. Rad1 b6 19. b3 Bb7 20. Ne4 Bxe4 21. Qxe4 Rxd1 22. Rxd1 Rd8 23. Rxd8 Qxd8 24. b4 cxb4 25. cxb4 f5 26. exf6 Qxf6 27. bxa5 Qa1+ 28. Bb1 1-0

[Event "Prague Golden Rapid op"]
[Site "Prague"]
[Date "2023.06.17"]
[Round "2"]
[White "Filip, Tomas"]
[Black "Hrabusa, Matej"]
[Result "0-1"]
[WhiteElo "1808"]
[BlackElo "2300"]
[PlyCount "42"]
[EventDate "2023.06.17"]
[EventType "swiss (rapid)"]
[EventRounds "9"]
[EventCountry "CZE"]
[SourceTitle "CBM 215 Extra"]
[Source "ChessBase"]
[SourceDate "2023.09.30"]
[SourceVersion "1"]
[SourceVersionDate "2023.09.30"]
[SourceQuality "1"]

1. e4 g6 2. d4 Bg7 3. c4 e6 4. Nc3 Ne7 5. Be3 d5 6. cxd5 exd5 7. e5 Be6 8. Qb3 b6 9. Bb5+ c6 10. Bd3 Nd7 11. Nf3 c5 12. Nb5 0-0 13. Qa3 Bg4 14. dxc5 Bxf3 15. gxf3 Nxe5 16. Be2 Nf5 17. f4 Nc4 18. Bxc4 dxc4 19. Rd1 Qh4 20. 0-0 Qg4+ 21. Kh1 Qf3+ 0-1

[Event "SVK-chT 2223"]
[Site "Slovakia"]
[Date "2023.04.01"]
[Round "10.3"]
[White "Hrabusa, Matej"]
[Black "Roubalik, Jakub"]
[Result "1/2-1/2"]
[WhiteElo "2334"]
[BlackElo "2372"]
[PlyCount "61"]
[EventDate "2022.10.22"]
[EventType "team-tourn"]
[EventRounds "11"]
[EventCountry "SVK"]
[SourceTitle "EXT 2024"]
[Source "ChessBase"]
[SourceDate "2023.10.10"]
[SourceVersion "1"]
[SourceVersionDate "2023.10.10"]
[SourceQuality "1"]
[WhiteTeam "Liptov Chess School"]
[BlackTeam "Dubnica nad Vahom"]
[WhiteTeamCountry "SVK"]
[BlackTeamCountry "SVK"]

1. d4 Nf6 2. c4 e6 3. g3 d5 4. Bg2 Bb4+ 5. Nd2 0-0 6. Ngf3 dxc4 7. Qc2 Nc6 8. Qxc4 Qd5 9. 0-0 Bxd2 10. Qxd5 exd5 11. Bxd2 Re8 12. e3 Bf5 13. Rfc1 Be4 14. b4 a6 15. a4 h6 16. Be1 Rec8 17. b5 Nd8 18. Ne5 Bxg2 19. Kxg2 Ne6 20. f3 Kf8 21. g4 Ke8 22. Bg3 Nd7 23. Nd3 Nb6 24. Nb4 a5 25. Nd3 Nc4 26. Kf2 c6 27. Rab1 c5 28. dxc5 Nxc5 29. Nxc5 Rxc5 30. Ke2 Rac8 31. Be1 1/2-1/2

[Event "SVK-chT 2223"]
[Site "Slovakia"]
[Date "2023.03.31"]
[Round "9.3"]
[White "Jurcik, Martin"]
[Black "Hrabusa, Matej"]
[Result "1/2-1/2"]
[WhiteElo "2391"]
[BlackElo "2334"]
[PlyCount "31"]
[EventDate "2022.10.22"]
[EventType "team-tourn"]
[EventRounds "11"]
[EventCountry "SVK"]
[SourceTitle "EXT 2024"]
[Source "ChessBase"]
[SourceDate "2023.10.10"]
[SourceVersion "1"]
[SourceVersionDate "2023.10.10"]
[SourceQuality "1"]
[WhiteTeam "Zilina Mladost"]
[BlackTeam "Liptov Chess School"]
[WhiteTeamCountry "SVK"]
[BlackTeamCountry "SVK"]

1. d4 d5 2. Nf3 Nf6 3. c4 c6 4. e3 e6 5. Nbd2 Be7 6. Bd3 Nbd7 7. 0-0 0-0 8. b3 dxc4 9. Nxc4 c5 10. Bb2 b6 11. Qe2 Bb7 12. Rfd1 Qc7 13. Rac1 Rad8 14. dxc5 Nxc5 15. Nce5 Qb8 16. Bb5 1/2-1/2

[Event "SVK-chT 2223"]
[Site "Slovakia"]
[Date "2023.02.26"]
[Round "8.3"]
[White "Hrabusa, Matej"]
[Black "Kostolansky, Sebastian Lukas"]
[Result "1/2-1/2"]
[WhiteElo "2334"]
[BlackElo "2398"]
[PlyCount "81"]
[EventDate "2022.10.22"]
[EventType "team-tourn"]
[EventRounds "11"]
[EventCountry "SVK"]
[SourceTitle "EXT 2024"]
[Source "ChessBase"]
[SourceDate "2023.10.10"]
[SourceVersion "1"]
[SourceVersionDate "2023.10.10"]
[SourceQuality "1"]
[WhiteTeam "Liptov Chess School"]
[BlackTeam "Bratislava Slovan"]
[WhiteTeamCountry "SVK"]
[BlackTeamCountry "SVK"]

1. d4 Nf6 2. Nf3 e6 3. c4 d5 4. g3 Be7 5. Bg2 0-0 6. 0-0 c6 7. Qc2 Nbd7 8. Rd1 b5 9. b3 bxc4 10. bxc4 Ba6 11. Nbd2 c5 12. Qa4 Qc8 13. Ne5 cxd4 14. Nxd7 Nxd7 15. cxd5 Nb6 16. Qb3 Nxd5 17. Bxd5 exd5 18. Re1 Rb8 19. Qd1 Qc3 20. Nb3 Rfe8 21. Bf4 Rbc8 22. Qxd4 Qxd4 23. Nxd4 Bb4 24. Red1 Bc3 25. Rac1 Bxd4 26. Rxc8 Bxc8 27. Rxd4 Rxe2 28. Rd2 Re1+ 29. Kg2 f6 30. f3 Be6 31. h4 Kf7 32. Kf2 Ra1 33. Be3 a5 34. Bd4 Rh1 35. Ke3 a4 36. Rb2 Bc8 37. Rb4 Bd7 38. Rb7 Ke8 39. Rb8+ Kf7 40. Rb7 Ke8 41. Rb8+ 1/2-1/2

[Event "SVK-chT 2223"]
[Site "Slovakia"]
[Date "2023.02.25"]
[Round "7.3"]
[White "Laurusas, Tomas"]
[Black "Hrabusa, Matej"]
[Result "1-0"]
[WhiteElo "2565"]
[BlackElo "2334"]
[PlyCount "137"]
[EventDate "2022.10.22"]
[EventType "team-tourn"]
[EventRounds "11"]
[EventCountry "SVK"]
[SourceTitle "EXT 2024"]
[Source "ChessBase"]
[SourceDate "2023.10.10"]
[SourceVersion "1"]
[SourceVersionDate "2023.10.10"]
[SourceQuality "1"]
[WhiteTeam "Modra"]
[BlackTeam "Liptov Chess School"]
[WhiteTeamCountry "SVK"]
[BlackTeamCountry "SVK"]

1. d4 d5 2. Nf3 Nf6 3. c4 c6 4. Nbd2 Bf5 5. Nh4 Be4 6. Qb3 Qc7 7. e3 e6 8. Be2 Nbd7 9. Nxe4 Nxe4 10. 0-0 Bd6 11. Nf3 0-0 12. Qc2 f5 13. c5 Be7 14. b4 Bf6 15. Bb2 g5 16. Ne1 g4 17. Nd3 Kh8 18. Nf4 Rae8 19. f3 gxf3 20. gxf3 Ng5 21. Kh1 Bg7 22. Rg1 Bh6 23. Qd2 Nf6 24. Qe1 Nf7 25. Qh4 Qe7 26. Bc3 Rg8 27. Rxg8+ Rxg8 28. Rg1 Bg5 29. Qh3 Bxf4 30. exf4 Qc7 31. Qh4 Rxg1+ 32. Kxg1 Kg7 33. Qg3+ Kf8 34. Bd2 Nh8 35. Qg5 Qf7 36. b5 Ng6 37. Qh6+ Ke8 38. a4 Ng8 39. Qg5 h6 40. Qg2 Qg7 41. Be3 Nf6 42. a5 Nh5 43. Kf1 Qf7 44. a6 bxa6 45. b6 axb6 46. cxb6 Nf8 47. Bxa6 Nd7 48. Qc2 Nb8 49. Bc8 Nf6 50. b7 Qe7 51. Bf2 Nfd7 52. Qc3 Qd6 53. Bh4 Kf7 54. Ke2 Nf8 55. Qc5 Qc7 56. Bf6 Ng6 57. Be5 Nxe5 58. fxe5 Qd8 59. Qd6 Qxd6 60. exd6 f4 61. Kd2 Na6 62. Kc3 Kf6 63. Bd7 Nb8 64. Be8 e5 65. dxe5+ Ke6 66. Kd4 c5+ 67. Kxc5 Kxe5 68. d7 Na6+ 69. Kb6 1-0

[Event "SVK-chT 2223"]
[Site "Slovakia"]
[Date "2023.01.22"]
[Round "6.4"]
[White "Karacsonyi, Gellert"]
[Black "Hrabusa, Matej"]
[Result "1/2-1/2"]
[WhiteElo "2408"]
[BlackElo "2334"]
[PlyCount "40"]
[EventDate "2022.10.22"]
[EventType "team-tourn"]
[EventRounds "11"]
[EventCountry "SVK"]
[SourceTitle "EXT 2024"]
[Source "ChessBase"]
[SourceDate "2023.10.10"]
[SourceVersion "1"]
[SourceVersionDate "2023.10.10"]
[SourceQuality "1"]
[WhiteTeam "Komarno"]
[BlackTeam "Liptov Chess School"]
[WhiteTeamCountry "SVK"]
[BlackTeamCountry "SVK"]

1. e4 c5 2. Nc3 d6 3. d4 cxd4 4. Qxd4 Nc6 5. Qd2 g6 6. b3 Bh6 7. f4 Nf6 8. Bb2 0-0 9. 0-0-0 a5 10. Kb1 a4 11. Nxa4 Nxe4 12. Qe3 Bf5 13. Bd3 d5 14. Ne2 e5 15. g4 d4 16. Qf3 Rxa4 17. gxf5 Rxa2 18. Bxe4 Qa5 19. Bxc6 bxc6 20. b4 Rb8 1/2-1/2

[Event "CZE-chT1W 2223"]
[Site "Czech Republic"]
[Date "2022.10.09"]
[Round "1.3"]
[White "Jurcik, Martin"]
[Black "Hrabusa, Matej"]
[Result "1/2-1/2"]
[WhiteElo "2391"]
[BlackElo "2334"]
[PlyCount "47"]
[EventDate "2022.10.09"]
[EventType "team-tourn"]
[EventRounds "11"]
[EventCountry "CZE"]
[SourceTitle "CBM 210 Extra"]
[Source "ChessBase"]
[SourceDate "2022.11.30"]
[SourceVersion "1"]
[SourceVersionDate "2022.11.30"]
[SourceQuality "1"]
[WhiteTeam "Unichess Sousek"]
[BlackTeam "Praha DP EA Hotels II"]
[WhiteTeamCountry "CZE"]
[BlackTeamCountry "CZE"]

1. e4 e5 2. Nf3 Nc6 3. d4 exd4 4. Nxd4 Nf6 5. Nc3 Bb4 6. Nxc6 bxc6 7. Bd3 0-0 8. 0-0 d5 9. exd5 Bg4 10. f3 Bh5 11. dxc6 Qd4+ 12. Kh1 Bxc3 13. bxc3 Qxc3 14. Rb1 Bg6 15. Rb3 Qxc6 16. Bb2 Rad8 17. Qa1 Bxd3 18. cxd3 Rfe8 19. Rc1 Qe6 20. Bxf6 Qxf6 21. Qxf6 gxf6 22. h3 Rd7 23. Rb7 Re2 24. Rcxc7 1/2-1/2

[Event "Skalica op-A"]
[Site "Skalica"]
[Date "2022.08.26"]
[Round "7"]
[White "Bures, Vit"]
[Black "Hrabusa, Matej"]
[Result "0-1"]
[WhiteElo "2130"]
[BlackElo "2354"]
[PlyCount "70"]
[EventDate "2022.08.20"]
[EventType "swiss"]
[EventRounds "9"]
[EventCountry "SVK"]
[SourceTitle "CBM 209 Extra"]
[Source "ChessBase"]
[SourceDate "2022.09.30"]
[SourceVersion "1"]
[SourceVersionDate "2022.09.30"]
[SourceQuality "1"]

1. d4 Nf6 2. c4 e6 3. Nf3 d5 4. Nc3 dxc4 5. e4 Bb4 6. Bxc4 Nxe4 7. 0-0 Nf6 8. Qa4+ Nc6 9. Ne5 Rb8 10. Nxc6 bxc6 11. Qxc6+ Qd7 12. Qxd7+ Bxd7 13. Bg5 Be7 14. b3 0-0 15. Rac1 h6 16. Bh4 Rfd8 17. Rfd1 Bc6 18. h3 Rd7 19. Bg3 Bd6 20. Be5 Ne4 21. Nxe4 Bxe4 22. f3 Bb7 23. Bb5 c6 24. Bc4 Rbd8 25. Re1 Bb4 26. Re2 Ba5 27. Kf1 Bb6 28. Rec2 Bxd4 29. Bxd4 Rxd4 30. Be2 Kf8 31. Rc5 R4d5 32. f4 Rxc5 33. Rxc5 Rd5 34. Rc4 a5 35. Bf3 Ba6 0-1

[Event "Prague Summer op 9th"]
[Site "Prague"]
[Date "2022.08.10"]
[Round "7"]
[White "Hrabusa, Matej"]
[Black "Kambrath, Yannick"]
[Result "1/2-1/2"]
[WhiteElo "2354"]
[BlackElo "2401"]
[PlyCount "54"]
[EventDate "2022.08.05"]
[EventType "swiss"]
[EventRounds "9"]
[EventCountry "CZE"]
[SourceTitle "CBM 209 Extra"]
[Source "ChessBase"]
[SourceDate "2022.09.30"]
[SourceVersion "1"]
[SourceVersionDate "2022.09.30"]
[SourceQuality "1"]

1. d4 d5 2. c4 e6 3. Nf3 Nf6 4. g3 Bb4+ 5. Nbd2 dxc4 6. Bg2 b5 7. 0-0 a5 8. a3 Be7 9. b3 cxb3 10. Qxb3 c6 11. Ne5 Bb7 12. Bb2 0-0 13. Rfc1 Ra6 14. a4 Rb6 15. axb5 Rxb5 16. Qc2 c5 17. Bxb7 Rxb7 18. Ndc4 Ra7 19. dxc5 Bxc5 20. Nd3 Be7 21. Qa4 Qd5 22. Nxa5 Bd8 23. Rc5 Qa8 24. Ne5 Nbd7 25. Nxd7 Nxd7 26. Rb5 Bf6 27. Bxf6 Nxf6 1/2-1/2

[Event "Prague Summer op 9th"]
[Site "Prague"]
[Date "2022.08.06"]
[Round "2"]
[White "Sidletskyi, Ivan"]
[Black "Hrabusa, Matej"]
[Result "1-0"]
[WhiteElo "2075"]
[BlackElo "2354"]
[PlyCount "131"]
[EventDate "2022.08.05"]
[EventType "swiss"]
[EventRounds "9"]
[EventCountry "CZE"]
[SourceTitle "CBM 209 Extra"]
[Source "ChessBase"]
[SourceDate "2022.09.30"]
[SourceVersion "1"]
[SourceVersionDate "2022.09.30"]
[SourceQuality "1"]

1. e4 c5 2. Nf3 d6 3. d4 cxd4 4. Nxd4 Nf6 5. Nc3 a6 6. Bg5 e6 7. f4 h6 8. Bh4 Qb6 9. Qd2 Qxb2 10. Rb1 Qa3 11. f5 Be7 12. fxe6 fxe6 13. Bc4 Nxe4 14. Nxe4 Bxh4+ 15. g3 Bg5 16. Nxg5 hxg5 17. 0-0 Qc5 18. Bxe6 Nc6 19. Bf7+ Kd8 20. c3 Kc7 21. Rf2 g4 22. Be6 Nd8 23. Rf5 Qa7 24. Kh1 Re8 25. Bxc8 Rxc8 26. Qf4 Re7 27. Rd5 Nf7 28. Qxg4 Kb8 29. Qxg7 Rec7 30. Qf6 Ka8 31. Qf2 Ne5 32. Rb3 Nc4 33. Rf5 Rc5 34. Rf7 Na5 35. Rb1 Rxc3 36. Ne6 Qxf2 37. Rxf2 Nc4 38. Rb3 Ne3 39. Rxc3 Rxc3 40. h3 Rc1+ 41. Kh2 Re1 42. Nf4 b5 43. g4 Nf1+ 44. Kg2 Ne3+ 45. Kf3 Nc4 46. g5 Ne5+ 47. Kg2 b4 48. g6 Nxg6 49. Nxg6 a5 50. Nf4 a4 51. Nd3 Re4 52. Kf3 Rd4 53. Ke3 Rh4 54. Nf4 Rh8 55. Rb2 Re8+ 56. Kd3 Rb8 57. h4 b3 58. axb3 Rb4 59. Ke3 a3 60. Ra2 Rxb3+ 61. Ke4 Kb7 62. h5 Kc6 63. h6 d5+ 64. Kf5 d4 65. h7 Rb5+ 66. Kg6 1-0

[Event "Prague Summer op 9th"]
[Site "Prague"]
[Date "2022.08.05"]
[Round "1"]
[White "Hrabusa, Matej"]
[Black "Leitgeb, Julian"]
[Result "1-0"]
[WhiteElo "2354"]
[BlackElo "1955"]
[PlyCount "47"]
[EventDate "2022.08.05"]
[EventType "swiss"]
[EventRounds "9"]
[EventCountry "CZE"]
[SourceTitle "CBM 209 Extra"]
[Source "ChessBase"]
[SourceDate "2022.09.30"]
[SourceVersion "1"]
[SourceVersionDate "2022.09.30"]
[SourceQuality "1"]

1. d4 Nf6 2. Bf4 g6 3. Nc3 d5 4. e3 Bg7 5. h4 h5 6. Nf3 0-0 7. Qd2 c5 8. dxc5 Nbd7 9. 0-0-0 Nxc5 10. Ne5 Qb6 11. f3 Be6 12. Be2 Nfd7 13. Nxd7 Nxd7 14. g4 Rfc8 15. Nb5 d4 16. exd4 Bxa2 17. gxh5 gxh5 18. Rhg1 Kf8 19. Rxg7 Kxg7 20. Rg1+ Kh8 21. Bd6 Rxc2+ 22. Kxc2 Rc8+ 23. Kd1 Bb3+ 24. Ke1 1-0

[Event "Prague Golden Blitz op 17th"]
[Site "Prague"]
[Date "2022.07.16"]
[Round "6"]
[White "Hrabusa, Matej"]
[Black "Korniichuk, Oleksandra"]
[Result "1-0"]
[WhiteElo "2303"]
[BlackElo "1783"]
[PlyCount "47"]
[EventDate "2022.07.16"]
[EventType "swiss (blitz)"]
[EventRounds "11"]
[EventCountry "CZE"]
[SourceTitle "CBM 209 Extra"]
[Source "ChessBase"]
[SourceDate "2022.09.30"]
[SourceVersion "1"]
[SourceVersionDate "2022.09.30"]
[SourceQuality "1"]

1. e4 c5 2. Nc3 e6 3. Nge2 Nc6 4. g3 d5 5. exd5 exd5 6. d4 c4 7. Bg2 Nf6 8. Bg5 Bb4 9. 0-0 Be6 10. Bxf6 gxf6 11. Nf4 Bxc3 12. bxc3 0-0 13. Re1 Re8 14. Bxd5 Bxd5 15. Rxe8+ Qxe8 16. Nxd5 Qd8 17. Qf3 Kg7 18. Re1 b5 19. Re4 a5 20. Nxf6 Kf8 21. Rg4 Ke7 22. Qxc6 Ra7 23. Re4+ Kf8 24. Re8+ 1-0

[Event "Prague Golden Blitz op 17th"]
[Site "Prague"]
[Date "2022.07.16"]
[Round "4"]
[White "Hrabusa, Matej"]
[Black "Xie, Felix"]
[Result "0-1"]
[WhiteElo "2303"]
[BlackElo "1881"]
[PlyCount "120"]
[EventDate "2022.07.16"]
[EventType "swiss (blitz)"]
[EventRounds "11"]
[EventCountry "CZE"]
[SourceTitle "CBM 209 Extra"]
[Source "ChessBase"]
[SourceDate "2022.09.30"]
[SourceVersion "1"]
[SourceVersionDate "2022.09.30"]
[SourceQuality "1"]

1. d4 Nf6 2. Bf4 d5 3. e3 c5 4. Nf3 Nc6 5. Nbd2 Bf5 6. dxc5 e6 7. Nd4 Bxc5 8. Nxf5 exf5 9. Nb3 Bd6 10. Bg5 Be7 11. Be2 h6 12. Bf4 0-0 13. 0-0 Qb6 14. c3 Rad8 15. Rb1 a6 16. Nd4 Nxd4 17. Qxd4 Qxd4 18. exd4 Bd6 19. Bxd6 Rxd6 20. Bd3 g6 21. Rfe1 Re6 22. f3 Rfe8 23. Kf2 Kg7 24. Bc2 Rd8 25. Re5 Rdd6 26. Rbe1 Nd7 27. R5e2 Kf6 28. Bb3 b5 29. a4 Nb6 30. axb5 axb5 31. Re5 Nc4 32. Rxe6+ fxe6 33. Bxc4 bxc4 34. Ra1 Rb6 35. Ra2 e5 36. dxe5+ Kxe5 37. g3 g5 38. Ke3 f4+ 39. Ke2 h5 40. Kd2 Kf5 41. Ke2 g4 42. Kf2 Rb3 43. fxg4+ hxg4 44. gxf4 Kxf4 45. Kg2 Rb6 46. Kf2 Rd6 47. Ra5 d4 48. cxd4 Rxd4 49. Rc5 Rd2+ 50. Kg1 Rc2 51. Rc8 Ke3 52. Re8+ Kf3 53. Rf8+ Ke3 54. Re8+ Kd2 55. Rb8 Kc1 56. b4 Rb2 57. b5 c3 58. b6 c2 59. b7 Kb1 60. Rc8 Rxb7 0-1

[Event "Prague Golden Rapid op 17th"]
[Site "Prague"]
[Date "2022.07.09"]
[Round "3"]
[White "Forman, Daniel"]
[Black "Hrabusa, Matej"]
[Result "0-1"]
[WhiteElo "1951"]
[BlackElo "2276"]
[PlyCount "78"]
[EventDate "2022.07.09"]
[EventType "swiss (rapid)"]
[EventRounds "7"]
[EventCountry "CZE"]
[SourceTitle "CBM 209 Extra"]
[Source "ChessBase"]
[SourceDate "2022.09.30"]
[SourceVersion "1"]
[SourceVersionDate "2022.09.30"]
[SourceQuality "1"]

1. d4 d5 2. Bg5 h6 3. Bh4 c6 4. e3 Qb6 5. b3 e5 6. c3 e4 7. f3 Bf5 8. fxe4 Bxe4 9. Nf3 Nd7 10. Bd3 Ngf6 11. 0-0 Bd6 12. Qc2 0-0 13. Nbd2 Rfe8 14. Rae1 c5 15. c4 Rac8 16. cxd5 cxd4 17. Nc4 Qa6 18. Bxe4 Rxe4 19. Bxf6 Nxf6 20. Nxd4 Rxd4 21. exd4 b5 22. Rc1 bxc4 23. bxc4 Nxd5 24. Qf5 Nf6 25. c5 Bf8 26. g4 Qc6 27. h4 Re8 28. g5 hxg5 29. hxg5 Re2 30. Rf2 Rxf2 31. Kxf2 Nd5 32. Qf3 g6 33. Re1 Bg7 34. Qe4 Qb7 35. Re2 Bf8 36. Kg1 Qd7 37. Rc2 Qc6 38. Rf2 Qb7 39. Rc2 Qb1+ 0-1

[Event "Prague Golden Rapid op 17th"]
[Site "Prague"]
[Date "2022.07.09"]
[Round "2"]
[White "Hrabusa, Matej"]
[Black "Wiener, Richard"]
[Result "1-0"]
[WhiteElo "2276"]
[BlackElo "1786"]
[PlyCount "47"]
[EventDate "2022.07.09"]
[EventType "swiss (rapid)"]
[EventRounds "7"]
[EventCountry "CZE"]
[SourceTitle "CBM 209 Extra"]
[Source "ChessBase"]
[SourceDate "2022.09.30"]
[SourceVersion "1"]
[SourceVersionDate "2022.09.30"]
[SourceQuality "1"]

1. e4 e5 2. Nf3 Nc6 3. Bc4 Nf6 4. Ng5 d5 5. exd5 Nxd5 6. Nxf7 Kxf7 7. Qf3+ Ke6 8. Nc3 Ncb4 9. 0-0 c6 10. d4 Qf6 11. Qe2 Kd7 12. dxe5 Qe6 13. a3 Na6 14. Nxd5 cxd5 15. Bxd5 Qxd5 16. Rd1 Qxd1+ 17. Qxd1+ Ke6 18. Qg4+ Kf7 19. Qf3+ Ke6 20. Qb3+ Kxe5 21. Qf7 Nc5 22. Bf4+ Kd4 23. Rd1+ Ke4 24. f3# 1-0